V zajatí vysokého dovozu
Deficitnosť zahraničnoobchodných vzťahov potvrdzuje nevyváženosť medzi výkonnosťou slovenskej ekonomiky na jednej strane a jej exportnou výkonnosťou a dovoznou náročnosťou na strane druhej. Obchodná bilancia Slovenska za rok 2001. TOP 10 - najväčší exportéri Slovenska. Vývoj zahraničného obchodu SR....
Guardado en:
| Autor principal: | |
|---|---|
| Formato: | Capítulo de libro |
| Lenguaje: | eslovaco |
| Materias: | |
| Etiquetas: |
Sin Etiquetas, Sea el primero en etiquetar este registro!
|
MARC
| LEADER | 00000naa a2200000 4500 | ||
|---|---|---|---|
| 001 | r044420 | ||
| 005 | 20230920074018.2 | ||
| 041 | 0 | |a slo | |
| 044 | |a SK | ||
| 245 | 1 | 0 | |a V zajatí vysokého dovozu |c Želmíra Václavová |
| 520 | |a Deficitnosť zahraničnoobchodných vzťahov potvrdzuje nevyváženosť medzi výkonnosťou slovenskej ekonomiky na jednej strane a jej exportnou výkonnosťou a dovoznou náročnosťou na strane druhej. Obchodná bilancia Slovenska za rok 2001. TOP 10 - najväčší exportéri Slovenska. Vývoj zahraničného obchodu SR. Sektorová štruktúra. | ||
| 610 | 2 | 0 | |a obchod zahraničný |
| 610 | 2 | 0 | |a Slovensko |
| 610 | 2 | 0 | |a deficit |
| 610 | 2 | 0 | |a výkonnosť |
| 610 | 2 | 0 | |a bilancia obchodná |
| 610 | 2 | 0 | |a nerovnováha hospodárska |
| 610 | 2 | 0 | |a saldo |
| 100 | 1 | |a Václavová, Želmíra | |